Wszystkie powiaty w Niemczech na mapie - Statystyki

Ogólne statystyki
  • Ten quiz został rozwiązany 1 853 razy
    1 159 od ostatniego zresetowania
  • Średni wynik to 67 z 400
Odpowiedzi na mapie
Odpowiedzi zakodowano w zielono-czerwonej skali na mapie do tego quizu, zgodnie z poniższymi procentami.
 
Statystyki odpowiedzi
Tabela Kod kraju związkowego Art Powiat % Poprawnych
zMiasta na prawach powiatu BE S Berlin
94%
Bawaria BY LK Monachium
87%
zMiasta na prawach powiatu BY S Monachium
86%
zMiasta na prawach powiatu HH S Hamburg
84%
zMiasta na prawach powiatu HE S Frankfurt nad Menem
77%
zMiasta na prawach powiatu BB S Frankfurt nad Odrą
77%
zMiasta na prawach powiatu HB S Brema
76%
zMiasta na prawach powiatu SN S Drezno
76%
zMiasta na prawach powiatu NW S Kolonia
76%
zMiasta na prawach powiatu NW S Dortmund
74%
Saksonia SN LK Lipsk
73%
zMiasta na prawach powiatu SN S Lipsk
73%
zMiasta na prawach powiatu BW S Stuttgart
65%
Dolna Saksonia NI LK Region Hanower
62%
zMiasta na prawach powiatu NW S Düsseldorf
61%
zMiasta na prawach powiatu SH S Kilonia
60%
zMiasta na prawach powiatu BB S Poczdam
57%
Meklemburgia-Pomorze Przednie MV LK Rostock
55%
zMiasta na prawach powiatu MV S Rostock
55%
zMiasta na prawach powiatu NW S Essen
54%
zMiasta na prawach powiatu NW S Bonn
52%
zMiasta na prawach powiatu BY S Norymberga
52%
zMiasta na prawach powiatu ST S Magdeburg
49%
Bawaria BY LK Augsburg
46%
zMiasta na prawach powiatu BY S Augsburg
46%
Saara SL LK Związek Regionalny Saarbrücken
45%
Saksonia SN LK Görlitz
44%
zMiasta na prawach powiatu RP S Moguncja
44%
zMiasta na prawach powiatu SH S Lubeka
42%
Nadrenia Północna-Westfalia NW LK Region Miejski Akwizgran
41%
zMiasta na prawach powiatu BW S Ulm
41%
zMiasta na prawach powiatu BW S Fryburg Bryzgowijski
40%
zMiasta na prawach powiatu NI S Wolfsburg
40%
zMiasta na prawach powiatu BB S Chociebuż
39%
zMiasta na prawach powiatu NW S Gelsenkirchen
39%
zMiasta na prawach powiatu NW S Bielefeld
38%
zMiasta na prawach powiatu SN S Chemnitz
38%
zMiasta na prawach powiatu NW S Duisburg
38%
zMiasta na prawach powiatu TH S Erfurt
37%
zMiasta na prawach powiatu NW S Leverkusen
37%
zMiasta na prawach powiatu BW S Mannheim
37%
Bawaria BY LK Ratyzbona
36%
zMiasta na prawach powiatu BY S Ratyzbona
36%
zMiasta na prawach powiatu TH S Jena
35%
Nadrenia-Palatynat RP LK Mainz-Bingen
35%
Szlezwik-Holsztyn SH LK Schleswig-Flensburg
34%
Dolna Saksonia NI LK Heidekreis
33%
zMiasta na prawach powiatu BW S Karlsruhe
33%
zMiasta na prawach powiatu NW S Münster
33%
zMiasta na prawach powiatu NW S Bochum
32%
Badenia-Wirtembergia BW LK Karlsruhe
32%
zMiasta na prawach powiatu NI S Brunszwik
31%
Bawaria BY LK Hof
30%
zMiasta na prawach powiatu BY S Hof
30%
zMiasta na prawach powiatu BY S Ingolstadt
30%
zMiasta na prawach powiatu NW S Mönchengladbach
30%
Badenia-Wirtembergia BW LK Schwäbisch Hall
30%
zMiasta na prawach powiatu NW S Wuppertal
30%
Hesja HE LK Darmstadt-Dieburg
29%
Hesja HE LK Kassel
29%
zMiasta na prawach powiatu HE S Kassel
29%
Dolna Saksonia NI LK Osnabrück
29%
zMiasta na prawach powiatu NI S Osnabrück
29%
zMiasta na prawach powiatu MV S Schwerin
29%
zMiasta na prawach powiatu HB S Bremerhaven
28%
Dolna Saksonia NI LK Oldenburg
28%
zMiasta na prawach powiatu NI S Oldenburg
28%
zMiasta na prawach powiatu BB S Brandenburg an der Havel
27%
zMiasta na prawach powiatu HE S Darmstadt
27%
Bawaria BY LK Würzburg
27%
zMiasta na prawach powiatu BY S Würzburg
27%
Nadrenia-Palatynat RP LK Kaiserslautern
26%
zMiasta na prawach powiatu RP S Kaiserslautern
26%
zMiasta na prawach powiatu HE S Wiesbaden
26%
Saksonia SN LK Zwickau
26%
zMiasta na prawach powiatu BW S Baden-Baden
25%
Saksonia SN LK Budziszyn
25%
zMiasta na prawach powiatu RP S Trewir
25%
zMiasta na prawach powiatu SH S Flensburg
24%
Bawaria BY LK Fürth
24%
zMiasta na prawach powiatu BY S Fürth
24%
zMiasta na prawach powiatu RP S Koblencja
24%
Bawaria BY LK Regen
24%
Bawaria BY LK Garmisch-Partenkirchen
23%
zMiasta na prawach powiatu ST S Halle (Saale)
23%
Bawaria BY LK Bamberg
22%
zMiasta na prawach powiatu BY S Bamberg
22%
Bawaria BY LK Nürnberger Land
22%
zMiasta na prawach powiatu BW S Heidelberg
21%
Badenia-Wirtembergia BW LK Konstancja
21%
Nadrenia Północna-Westfalia NW LK Paderborn
21%
Bawaria BY LK Pasawa
21%
zMiasta na prawach powiatu BY S Pasawa
21%
zMiasta na prawach powiatu TH S Gera
20%
Dolna Saksonia NI LK Getynga
20%
Badenia-Wirtembergia BW LK Heidenheim
19%
Brandenburgia BB LK Potsdam-Mittelmark
19%
Meklemburgia-Pomorze Przednie MV LK Vorpommern-Rügen
19%
zMiasta na prawach powiatu NW S Hamm
18%
Saksonia SN LK Miśnia
18%
zMiasta na prawach powiatu TH S Weimar
18%
Turyngia TH LK Weimarer Land
18%
Bawaria BY LK Bayreuth
17%
zMiasta na prawach powiatu BY S Bayreuth
17%
Bawaria BY LK Dachau
17%
Nadrenia-Palatynat RP LK Mayen-Koblenz
17%
Nadrenia-Palatynat RP LK Trier-Saarburg
17%
Saksonia-Anhalt ST LK Anhalt-Bitterfeld
16%
Bawaria BY LK Erlangen-Höchstadt
16%
Hesja HE LK Fulda
16%
Hesja HE LK Gießen
16%
Badenia-Wirtembergia BW LK Heilbronn
16%
zMiasta na prawach powiatu NW S Krefeld
16%
zMiasta na prawach powiatu NW S Oberhausen
16%
Badenia-Wirtembergia BW LK Tybinga
16%
Meklemburgia-Pomorze Przednie MV LK Vorpommern-Greifswald
16%
zMiasta na prawach powiatu NI S Wilhelmshaven
16%
Saksonia-Anhalt ST LK Wittenberga
16%
zMiasta na prawach powiatu NI S Emden
15%
zMiasta na prawach powiatu BY S Erlangen
15%
Turyngia TH LK Gotha
15%
zMiasta na prawach powiatu NW S Hagen
15%
zMiasta na prawach powiatu BW S Heilbronn
15%
Dolna Saksonia NI LK Hildesheim
15%
Bawaria BY LK Landshut
15%
zMiasta na prawach powiatu BY S Landshut
15%
Dolna Saksonia NI LK Lüneburg
15%
Hesja HE LK Offenbach
15%
zMiasta na prawach powiatu HE S Offenbach am Main
15%
zMiasta na prawach powiatu RP S Wormacja
15%
Bawaria BY LK Ansbach
14%
zMiasta na prawach powiatu BY S Ansbach
14%
Dolna Saksonia NI LK Celle
14%
Bawaria BY LK Coburg
14%
zMiasta na prawach powiatu BY S Coburg
14%
Dolna Saksonia NI LK Cuxhaven
14%
zMiasta na prawach powiatu ST S Dessau-Roßlau
14%
Nadrenia Północna-Westfalia NW LK Düren
14%
zMiasta na prawach powiatu RP S Ludwigshafen am Rhein
14%
Bawaria BY LK Neustadt an der Aisch- Bad Windsheim
14%
Bawaria BY LK Neustadt an der Waldnaab
14%
zMiasta na prawach powiatu RP S Neustadt an der Weinstraße
14%
Bawaria BY LK Neu-Ulm
14%
Bawaria BY LK Rosenheim
14%
Bawaria BY LK Schweinfurt
14%
zMiasta na prawach powiatu BY S Schweinfurt
14%
Nadrenia Północna-Westfalia NW LK Siegen-Wittgenstein
14%
zMiasta na prawach powiatu BY S Memmingen
13%
zMiasta na prawach powiatu BW S Pforzheim
13%
zMiasta na prawach powiatu BY S Rosenheim
13%
zMiasta na prawach powiatu NW S Solingen
13%
Nadrenia-Palatynat RP LK Alzey-Worms
12%
Bawaria BY LK Aschaffenburg
12%
zMiasta na prawach powiatu BY S Aschaffenburg
12%
zMiasta na prawach powiatu NW S Bottrop
12%
Bawaria BY LK Dingolfing-Landau
12%
zMiasta na prawach powiatu BY S Kempten (Allgäu)
12%
Bawaria BY LK Lindau (Bodensee)
12%
Badenia-Wirtembergia BW LK Ludwigsburg
12%
Badenia-Wirtembergia BW LK Ravensburg
12%
Nadrenia Północna-Westfalia NW LK Recklinghausen
12%
Badenia-Wirtembergia BW LK Reutlingen
12%
Saksonia-Anhalt ST LK Saale
12%
Brandenburgia BB LK Barnim
11%
Bawaria BY LK Berchtesgadener Land
11%
Badenia-Wirtembergia BW LK Bodenseekreis
11%
Bawaria BY LK Cham
11%
Brandenburgia BB LK Elbe-Elster
11%
Dolna Saksonia NI LK Goslar
11%
Nadrenia Północna-Westfalia NW LK Gütersloh
11%
Saksonia-Anhalt ST LK Harz
11%
Nadrenia Północna-Westfalia NW LK Kleve
11%
Dolna Saksonia NI LK Leer
11%
Nadrenia Północna-Westfalia NW LK Lippe
11%
Badenia-Wirtembergia BW LK Lörrach
11%
Nadrenia Północna-Westfalia NW LK Märkischer
11%
Nadrenia Północna-Westfalia NW LK Minden-Lübbecke
11%
zMiasta na prawach powiatu SH S Neumünster
11%
Brandenburgia BB LK Oberhavel
11%
Brandenburgia BB LK Oder-Spree
11%
Bawaria BY LK Ostallgäu
11%
Bawaria BY LK Roth
11%
Saara SL LK Saarlouis
11%
zMiasta na prawach powiatu NI S Salzgitter
11%
zMiasta na prawach powiatu RP S Spira
11%
Brandenburgia BB LK Spree-Neiße
11%
Brandenburgia BB LK Teltow-Fläming
11%
Brandenburgia BB LK Uckermark
11%
Turyngia TH LK Wartburg
11%
Saksonia-Anhalt ST LK Altmarkkreis Salzwedel
10%
zMiasta na prawach powiatu BY S Amberg
10%
Bawaria BY LK Amberg-Sulzbach
10%
Dolna Saksonia NI LK Aurich
10%
Bawaria BY LK Bad Tölz-Wolfratshausen
10%
Badenia-Wirtembergia BW LK Böblingen
10%
Dolna Saksonia NI LK Cloppenburg
10%
Nadrenia-Palatynat RP LK Eifelkreis Bitburg-Prüm
10%
Bawaria BY LK Erding
10%
Saksonia SN LK Erzgebirgskreis
10%
Bawaria BY LK Freising
10%
Brandenburgia BB LK Havelland
10%
zMiasta na prawach powiatu NW S Herne
10%
Hesja HE LK Limburg-Weilburg
10%
Brandenburgia BB LK Ostprignitz-Ruppin
10%
Brandenburgia BB LK Prignitz
10%
Badenia-Wirtembergia BW LK Rastatt
10%
Badenia-Wirtembergia BW LK Rhein-Neckar
10%
Badenia-Wirtembergia BW LK Rottweil
10%
Saksonia-Anhalt ST LK Stendal
10%
zMiasta na prawach powiatu BY S Straubing
10%
Bawaria BY LK Straubing-Bogen
10%
Saksonia SN LK Vogtland
10%
Turyngia TH LK Altenburger Land
9%
Bawaria BY LK Altötting
9%
Bawaria BY LK Bad Kissingen
9%
Badenia-Wirtembergia BW LK Biberach
9%
Saksonia-Anhalt ST LK Börde
9%
Saksonia-Anhalt ST LK Burgenland
9%
Nadrenia-Palatynat RP LK Cochem-Zell
9%
Brandenburgia BB LK Dahme-Spreewald
9%
Bawaria BY LK Deggendorf
9%
Bawaria BY LK Eichstätt
9%
Dolna Saksonia NI LK Emsland
9%
Badenia-Wirtembergia BW LK Esslingen
9%
Dolna Saksonia NI LK Friesland
9%
Bawaria BY LK Günzburg
9%
Dolna Saksonia NI LK Harburg
9%
Dolna Saksonia NI LK Helmstedt
9%
Nadrenia Północna-Westfalia NW LK Herford
9%
Hesja HE LK Hersfeld-Rotenburg
9%
Szlezwik-Holsztyn SH LK Herzogtum Lauenburg
9%
Badenia-Wirtembergia BW LK Hohenlohe
9%
Bawaria BY LK Kulmbach
9%
Bawaria BY LK Landsberg am Lech
9%
Bawaria BY LK Lichtenfels
9%
Meklemburgia-Pomorze Przednie MV LK Ludwigslust-Parchim
9%
Hesja HE LK Marburg-Biedenkopf
9%
Brandenburgia BB LK Märkisch-Oderland
9%
Saksonia SN LK Mittelsachsen
9%
zMiasta na prawach powiatu NW S Mülheim an der Ruhr
9%
Bawaria BY LK Neumarkt in der Oberpfalz
9%
Turyngia TH LK Nordhausen
9%
Saksonia SN LK Nordsachsen
9%
Bawaria BY LK Oberallgäu
9%
Nadrenia Północna-Westfalia NW LK Rhein-Kreis Neuss
9%
Badenia-Wirtembergia BW LK Sigmaringen
9%
zMiasta na prawach powiatu TH S Suhl
9%
Bawaria BY LK Unterallgäu
9%
Badenia-Wirtembergia BW LK Waldshut
9%
zMiasta na prawach powiatu RP S Zweibrücken
9%
Nadrenia-Palatynat RP LK Ahrweiler
8%
Badenia-Wirtembergia BW LK Alb-Donau-Kreis
8%
Nadrenia-Palatynat RP LK Bernkastel-Wittlich
8%
Bawaria BY LK Dillingen an der Donau
8%
Bawaria BY LK Donau-Ries
8%
Bawaria BY LK Ebersberg
8%
Nadrenia Północna-Westfalia NW LK Euskirchen
8%
Bawaria BY LK Freyung-Grafenau
8%
Dolna Saksonia NI LK Gifhorn
8%
Badenia-Wirtembergia BW LK Göppingen
8%
Turyngia TH LK Greiz
8%
Dolna Saksonia NI LK Hameln-Pyrmont
8%
Nadrenia Północna-Westfalia NW LK Heinsberg
8%
Saksonia-Anhalt ST LK Jerichower Land
8%
Bawaria BY LK Kitzingen
8%
Bawaria BY LK Kronach
8%
Badenia-Wirtembergia BW LK Main-Tauber
8%
Hesja HE LK Main-Taunus
8%
Saksonia-Anhalt ST LK Mansfeld-Südharz
8%
Meklemburgia-Pomorze Przednie MV LK Mecklenburgische Seenplatte
8%
Saara SL LK Merzig-Wadern
8%
Nadrenia Północna-Westfalia NW LK Mettmann
8%
Bawaria BY LK Miesbach
8%
Szlezwik-Holsztyn SH LK Nordfriesland
8%
Meklemburgia-Pomorze Przednie MV LK Nordwestmecklenburg
8%
Dolna Saksonia NI LK Northeim
8%
Brandenburgia BB LK Oberspreewald-Lausitz
8%
Nadrenia Północna-Westfalia NW LK Olpe
8%
Badenia-Wirtembergia BW LK Ortenau
8%
Dolna Saksonia NI LK Peine
8%
zMiasta na prawach powiatu RP S Pirmasens
8%
zMiasta na prawach powiatu NW S Remscheid
8%
Dolna Saksonia NI LK Rotenburg (Wümme)
8%
Bawaria BY LK Rottal-Inn
8%
Saara SL LK Saarpfalz
8%
Saksonia-Anhalt ST LK Salzland
8%
Badenia-Wirtembergia BW LK Schwarzwald-Baar
8%
Dolna Saksonia NI LK Stade
8%
Nadrenia Północna-Westfalia NW LK Steinfurt
8%
Bawaria BY LK Traunstein
8%
Dolna Saksonia NI LK Uelzen
8%
Nadrenia Północna-Westfalia NW LK Unna
8%
Dolna Saksonia NI LK Verden
8%
Bawaria BY LK Weilheim-Schongau
8%
Dolna Saksonia NI LK Wolfenbüttel
8%
Bawaria BY LK Aichach-Friedberg
7%
Nadrenia-Palatynat RP LK Bad Kreuznach
7%
Badenia-Wirtembergia BW LK Calw
7%
zMiasta na prawach powiatu NI S Delmenhorst
7%
Dolna Saksonia NI LK Diepholz
7%
Turyngia TH LK Eichsfeld
7%
Badenia-Wirtembergia BW LK Emmendingen
7%
Badenia-Wirtembergia BW LK Enz
7%
Bawaria BY LK Forchheim
7%
Badenia-Wirtembergia BW LK Freudenstadt
7%
Hesja HE LK Groß-Gerau
7%
Bawaria BY LK Haßberge
7%
Nadrenia Północna-Westfalia NW LK Hochsauerland
7%
Hesja HE LK Hochtaunus
7%
Dolna Saksonia NI LK Holzminden
7%
Nadrenia Północna-Westfalia NW LK Höxter
7%
Turyngia TH LK Ilm
7%
zMiasta na prawach powiatu BY S Kaufbeuren
7%
Bawaria BY LK Kelheim
7%
Turyngia TH LK Kyffhäuser
7%
zMiasta na prawach powiatu RP S Landau in der Pfalz
7%
Hesja HE LK Main-Kinzig
7%
Bawaria BY LK Main-Spessart
7%
Bawaria BY LK Mühldorf am Inn
7%
Badenia-Wirtembergia BW LK Neckar-Odenwald
7%
Bawaria BY LK Neuburg-Schrobenhausen
7%
Saara SL LK Neunkirchen
7%
Nadrenia-Palatynat RP LK Neuwied
7%
Hesja HE LK Odenwald
7%
Badenia-Wirtembergia BW LK Ostalbkreis
7%
Szlezwik-Holsztyn SH LK Ostholstein
7%
Szlezwik-Holsztyn SH LK Rendsburg-Eckernförde
7%
Nadrenia-Palatynat RP LK Rhein-Pfalz
7%
Nadrenia Północna-Westfalia NW LK Rhein-Sieg
7%
Turyngia TH LK Saale-Holzland
7%
Turyngia TH LK Saale-Orla
7%
Saksonia SN LK Sächsische Schweiz- Osterzgebirge
7%
zMiasta na prawach powiatu BY S Schwabach
7%
Bawaria BY LK Schwandorf
7%
Nadrenia Północna-Westfalia NW LK Soest
7%
Turyngia TH LK Sonneberg
7%
Bawaria BY LK Starnberg
7%
Szlezwik-Holsztyn SH LK Steinburg
7%
Bawaria BY LK Tirschenreuth
7%
Badenia-Wirtembergia BW LK Tuttlingen
7%
Dolna Saksonia NI LK Vechta
7%
Nadrenia-Palatynat RP LK Vulkaneifel
7%
Nadrenia Północna-Westfalia NW LK Wesel
7%
Nadrenia-Palatynat RP LK Westerwald
7%
Bawaria BY LK Wunsiedel im Fichtelgebirge
7%
Nadrenia-Palatynat RP LK Altenkirchen (Westerwald)
6%
Dolna Saksonia NI LK Ammerland
6%
Nadrenia-Palatynat RP LK Bad Dürkheim
6%
Hesja HE LK Bergstraße
6%
Nadrenia-Palatynat RP LK Birkenfeld
6%
Nadrenia Północna-Westfalia NW LK Borken
6%
Badenia-Wirtembergia BW LK Breisgau-Hochschwarzwald
6%
Nadrenia Północna-Westfalia NW LK Coesfeld
6%
Szlezwik-Holsztyn SH LK Dithmarschen
6%
Nadrenia Północna-Westfalia NW LK Ennepe-Ruhr
6%
zMiasta na prawach powiatu RP S Frankenthal (Pfalz)
6%
Bawaria BY LK Fürstenfeldbruck
6%
Dolna Saksonia NI LK Grafschaft Bentheim
6%
Nadrenia-Palatynat RP LK Kusel
6%
Hesja HE LK Lahn-Dill
6%
Dolna Saksonia NI LK Lüchow-Dannenberg
6%
Bawaria BY LK Miltenberg
6%
Dolna Saksonia NI LK Nienburg (Weser)
6%
Dolna Saksonia NI LK Osterholz
6%
Bawaria BY LK Pfaffenhofen an der Ilm
6%
Szlezwik-Holsztyn SH LK Plön
6%
Badenia-Wirtembergia BW LK Rems-Murr
6%
Nadrenia Północna-Westfalia NW LK Rhein-Erft
6%
Nadrenia-Palatynat RP LK Rhein-Lahn
6%
Bawaria BY LK Rhön-Grabfeld
6%
Turyngia TH LK Saalfeld-Rudolstadt
6%
Dolna Saksonia NI LK Schaumburg
6%
Turyngia TH LK Schmalkalden-Meiningen
6%
Szlezwik-Holsztyn SH LK Segeberg
6%
Turyngia TH LK Sömmerda
6%
Saara SL LK St. Wendel
6%
Nadrenia-Palatynat RP LK Südliche Weinstraße
6%
Nadrenia-Palatynat RP LK Südwestpfalz
6%
Szlezwik-Holsztyn SH LK Sztormarn
6%
Turyngia TH LK Unstrut-Hainich
6%
Nadrenia Północna-Westfalia NW LK Viersen
6%
Hesja HE LK Vogelsberg
6%
Hesja HE LK Waldeck-Frankenberg
6%
Nadrenia Północna-Westfalia NW LK Warendorf
6%
zMiasta na prawach powiatu BY S Weiden in der Oberpfalz
6%
Bawaria BY LK Weißenburg-Gunzenhausen
6%
Hesja HE LK Wetterau
6%
Dolna Saksonia NI LK Wittmund
6%
Badenia-Wirtembergia BW LK Zollernalb
6%
Nadrenia-Palatynat RP LK Donnersberg
5%
Nadrenia-Palatynat RP LK Germersheim
5%
Turyngia TH LK Hildburghausen
5%
Nadrenia Północna-Westfalia NW LK Oberbergischer Kreis
5%
Szlezwik-Holsztyn SH LK Pinneberg
5%
Hesja HE LK Rheingau-Taunus
5%
Nadrenia-Palatynat RP LK Rhein-Hunsrück
5%
Nadrenia Północna-Westfalia NW LK Rheinisch-Bergischer Kreis
5%
Hesja HE LK Schwalm-Eder
5%
Hesja HE LK Werra-Meißner
5%
Dolna Saksonia NI LK Wesermarsch
5%
Nie znaleziono quizów pasujących do podanych kryteriów
Rozkład punktacji
Procent ludzi z każdym wynikiem
Percentyl według liczby udzielonych odpowiedzi
Twoja historia wyników
Nie rozwiązałeś tego quizu od ostatniego zresetowania